书目信息 |
| 题名: |
中外电信集成电路使用手册
|
|
| 作者: | 郭维、陈英柳、王晓萍 编 | |
| 分册: | ||
| 出版信息: | 北京 电子工业出版社 1992.02 |
|
| 页数: | 586页 | |
| 开本: | 16开 | |
| 丛书名: | ||
| 单 册: | ||
| 中图分类: | TN492 | |
| 科图分类: | ||
| 主题词: | 微电子技术 , 集成电路 | |
| 电子资源: | ||
| ISBN: | 7-5053-1536-6 | |
| 000 | 00653nam0 2200205 45 | |
| 001 | 0003281146 | |
| 005 | 20000328111410.8 | |
| 010 | @a7-5053-1536-6@d22.50元 | |
| 100 | @a20000328d1992 km y0chiy0120 ea | |
| 101 | @achi | |
| 105 | @a z 000yy | |
| 200 | 1 | @a中外电信集成电路使用手册@AZhong Wai Dian Xin Ji Cheng Dian Lu Shi Yong Shou Ce@f郭维、陈英柳、王晓萍编@FGuo Wei、Chen Ying Liu、Wang Xiao Ping Bian |
| 210 | @a北京@c电子工业出版社@d1992.02 | |
| 215 | @a586页@d16开 | |
| 606 | 0 | @a微电子技术 |
| 606 | 0 | @a集成电路 |
| 690 | @aTN492@v3 | |
| 701 | @a郭维、陈英柳、王晓萍@4编 | |
| 801 | @aCN@bPftUser@c20000328 | |
| 905 | @f1@b51820@dTN492@eG.125 | |
| 中外电信集成电路使用手册/郭维、陈英柳、王晓萍编.-北京:电子工业出版社,1992.02 |
| 586页;16开 |
| ISBN 7-5053-1536-6:22.50元 |
| ● |
| 相关链接 |
|
|
|
正题名:中外电信集成电路使用手册
索取号:TN492/G.125
 
预约/预借
| 序号 | 登录号 | 条形码 | 馆藏地/架位号 | 状态 | 备注 |
| 1 | 51820 | 200518207 | 自科库301/400A自科库 8排2列3层/ [索取号:TN492/G.125] | 在馆 |